| 000 | 005070000a22001810004500 | ||
|---|---|---|---|
| 003 | MACL | ||
| 005 | 20150919111904.0 | ||
| 008 | 150919b xxu||||| |||| 00| 0 eng d | ||
| 040 |
_aMACL _cMACL |
||
| 041 | _aEnglish | ||
| 082 | _a824/BAL | ||
| 100 |
_aBalasubramaniyam. R. _911924 |
||
| 245 |
_aMan, Meaning And Morality _bEssay In Honour Of Professor Rajendra Prasad |
||
| 260 |
_bIndian Council Of Philosophical _c1995 _aNew Delhi |
||
| 350 | _a225 | ||
| 650 |
_aLiterature _911925 |
||
| 942 |
_cBK _k824 _2ddc |
||
| 999 |
_c2788 _d2788 |
||